000 01112 a2200193 4500
001 22957
005 20260407155519.0
008 260407a1968 arg spa d
003 AR-UNSa-BCEJYS
040 _aAR-UNSa-BCEJYS
_bspa
_cAR-UNSa-BCEJYS
080 _a347
_xDerecho Civil
245 1 0 _aDerecho Privado
_pParte general. Introducción al derecho. Parte general del derecho civil y del derecho comercial. Derechos reales. Derecho de familia. Sucesiones
264 1 _aBuenos Aires :
_bCathedra
_c1968
300 _a790 p.
_c23 cm.
505 _a1. El derecho - 2. La ley - 3. Personas - 4. La materia comercial. El comerciante - 5. Actos de comercio - 6. Personas jurídicas - 7. El patrimonio - 8. Hechos y actos jurídicos - 9. Vicios. Nulidad - 10. Derechos reales - 11. Derechos reales sobre la cosa ajena - 12. Derechos reales de garantía restante. Publicidad - 13. La familia - 14. La transmisión hereditaria. Sucesión intestada - 15. Indivisión y partición de la herencia. Sucesión testamentaria
942 _cBK
590 _aniveau_biblio:m niveau_hierar:0
100 1 _aAlterini, Atilio Aníbal
999 _c1069
_d1069